000 00548nam a2200205Ia 4500
003 OSt
005 20240118094509.0
008 210719s2014 xx 000 0 und d
040 _cAL
041 _aeng
082 _a510 BOST
100 _aBOSCO (S S)
_9148116
245 _aTheory and problems in mathematics: I Puc
260 _aMangalore
_bBoscoss Publications
_c2014
300 _a524
_bPB
365 _b356
_cRs
650 _aMathematics
_9148117
906 _abook ; I ; mathematics: ; problems ; Puc ; text ; Theory
942 _2ddc
_cBK
999 _c216032
_d216032